000 00575nam a2200193 a 4500
008 951122s1985||||[C 0 slo c
020 _c30 Kčs.
_q(8000 výtl.)
040 _aSNK
_bslo
_cSNK
_eAACR2
041 1 _aslo
_hslo
080 _a801.316.3(038)
100 1 _aFerko, Vladimír
_4aut
245 1 0 _aSlovník na každý deň
_cVladimír Ferko
250 _a1., vyd.
260 _aBratislava
_bSmena
_c1985
_eBratislava
_fPravda
300 _a408 s., 26,35 AH
_c24 cm
500 _aVec. reg. Rozlož. tit. list. Ilustr. na predsádkach.
044 _axo
_cSK
958 _aA
999 _c19167
_d19167